Introduction to data science : (Record no. 609719)

000 -LEADER
fixed length control field 03128cam a2200517 i 4500
001 - CONTROL NUMBER
control field 21074978
003 - CONTROL NUMBER IDENTIFIER
control field NUST
005 - DATE AND TIME OF LATEST TRANSACTION
control field 20240829114629.0
006 - FIXED-LENGTH DATA ELEMENTS--ADDITIONAL MATERIAL CHARACTERISTICS
fixed length control field m |o d |
007 - PHYSICAL DESCRIPTION FIXED FIELD--GENERAL INFORMATION
fixed length control field cr |||||||||||
008 - FIXED-LENGTH DATA ELEMENTS--GENERAL INFORMATION
fixed length control field 190701s2020 flu ob 001 0 eng
010 ## - LIBRARY OF CONGRESS CONTROL NUMBER
LC control number 2019025161
020 ## - INTERNATIONAL STANDARD BOOK NUMBER
International Standard Book Number 9780429341830
Qualifying information (Adobe PDF)
020 ## - INTERNATIONAL STANDARD BOOK NUMBER
Canceled/invalid ISBN 9780367357986
Qualifying information (hardback)
020 ## - INTERNATIONAL STANDARD BOOK NUMBER
Canceled/invalid ISBN 9780367357993
Qualifying information (paperback
038 ## - RECORD CONTENT LICENSOR
Staff Name AZHAR
040 ## - CATALOGING SOURCE
Original cataloging agency DLC
Language of cataloging eng
Transcribing agency DLC
Description conventions rda
Modifying agency DLC
042 ## - AUTHENTICATION CODE
Authentication code pcc
050 00 - LIBRARY OF CONGRESS CALL NUMBER
Classification number QA276.45.R3
082 00 - DEWEY DECIMAL CLASSIFICATION NUMBER
Classification number 005.362
Edition number 23
Author Mark IRI
100 1# - MAIN ENTRY--PERSONAL NAME
Personal name Irizarry, Rafael A.,
Relator term author.
9 (RLIN) 123562
245 10 - TITLE STATEMENT
Title Introduction to data science :
Remainder of title data analysis and prediction algorithms with R /
Statement of responsibility, etc. Rafael A. Irizarry.
260 ## - PUBLICATION, DISTRIBUTION, ETC.
Place of publication, distribution, etc. Boca Raton :
Name of publisher, distributor, etc. CRC Press, Taylor & Francis Group,
Date of publication, distribution, etc. [2020]
300 ## - PHYSICAL DESCRIPTION
Extent 713p.
336 ## - CONTENT TYPE
Content type term text
Content type code txt
Source rdacontent
337 ## - MEDIA TYPE
Media type term computer
Media type code c
Source rdamedia
338 ## - CARRIER TYPE
Carrier type term online resource
Carrier type code cr
Source rdacarrier
490 0# - SERIES STATEMENT
Series statement CHAPMAN & HALL/CRC DATA SCIENCE SERIES
504 ## - BIBLIOGRAPHY, ETC. NOTE
Bibliography, etc. note Includes bibliographical references and index.
505 0# - FORMATTED CONTENTS NOTE
Formatted contents note Installing R and RStudio -- Getting started with R and RStudio -- R Basics -- Programming basics -- The tidyverse -- Importing data -- Introduction to data visualization -- ggplot2 -- Visualizing data distributions -- Data visualization in practice -- Data visualization principles -- Robust summaries -- Introduction to statistics with R -- Probability -- Random variables -- Statistical inference -- Statistical models -- Regression -- Linear models -- Association is not causation -- Introduction to data wrangling -- Reshaping data -- Joining tables -- Web scraping -- String processing -- Parsing dates and times -- Text mining -- Introduction to machine learning -- Smoothing -- Cross validation -- The caret package -- Examples of algorithms -- Machine learning in practice -- Large datasets -- Clustering -- Introduction to productivty tools -- Accessing the terminal and installing Git -- Organizing with Unix -- Git and GitHub -- Reproducible projects with RStudio and R markdown.
520 ## - SUMMARY, ETC.
Summary, etc. "The book begins by going over the basics of R and the tidyverse. You learn R throughout the book, but in the first part we go over the building blocks needed to keep learning during the rest of the book"--
Assigning source Provided by publisher.
588 ## - SOURCE OF DESCRIPTION NOTE
Source of description note Description based on online resource; title from PDF title page (Site, viewed 04/05/2021).
650 #0 - SUBJECT ADDED ENTRY--TOPICAL TERM
Topical term or geographic name entry element R (Computer program language)
9 (RLIN) 18662
650 #0 - SUBJECT ADDED ENTRY--TOPICAL TERM
Topical term or geographic name entry element Information visualization.
650 #0 - SUBJECT ADDED ENTRY--TOPICAL TERM
Topical term or geographic name entry element Data mining.
650 #0 - SUBJECT ADDED ENTRY--TOPICAL TERM
Topical term or geographic name entry element Statistics
General subdivision Data processing.
9 (RLIN) 10203
650 #0 - SUBJECT ADDED ENTRY--TOPICAL TERM
Topical term or geographic name entry element Probabilities
General subdivision Data processing.
9 (RLIN) 96074
650 #0 - SUBJECT ADDED ENTRY--TOPICAL TERM
Topical term or geographic name entry element Computer algorithms.
650 #0 - SUBJECT ADDED ENTRY--TOPICAL TERM
Topical term or geographic name entry element Quantitative research.
9 (RLIN) 29173
650 #0 - SUBJECT ADDED ENTRY--TOPICAL TERM
Topical term or geographic name entry element E-BOOKBANK.SEECSTEXTBOOK
9 (RLIN) 125472
776 08 - ADDITIONAL PHYSICAL FORM ENTRY
Relationship information Print version:
Main entry heading Irizarry, Rafael A..
Title Introduction to data science
Place, publisher, and date of publication Boca Raton : CRC Press, Taylor & Francis Group, [2020]
International Standard Book Number 9780367357986
Record control number (DLC) 2019025160
856 ## - ELECTRONIC LOCATION AND ACCESS
Uniform Resource Identifier <a href="http://10.250.8.41:8080/xmlui/handle/123456789/41788">http://10.250.8.41:8080/xmlui/handle/123456789/41788</a>
906 ## - LOCAL DATA ELEMENT F, LDF (RLIN)
a 7
b cbc
c orignew
d 1
e ecip
f 20
g y-gencatlg
942 ## - ADDED ENTRY ELEMENTS (KOHA)
Source of classification or shelving scheme
Koha item type Book
Holdings
Withdrawn status Lost status Source of classification or shelving scheme Damaged status Not for loan Permanent Location Current Location Date acquired Total Checkouts Full call number Barcode Date last seen Price effective from Koha item type
          Central Library (CL) Central Library (CL) 06/12/2024   005.362 IRI CL-1537 12/17/2024 06/12/2024 Book
          Central Library (CL) Central Library (CL) 08/13/2024   280 SCB SCB-1537 08/13/2024 08/13/2024 Book
© 2023 Central Library, National University of Sciences and Technology. All Rights Reserved.